|
|
|
|
| LEADER |
00000nas a2200000 4500 |
| 001 |
vtls012282856 |
| 003 |
SK-MaSNL |
| 005 |
20260228155904.0 |
| 008 |
250917d17721772xxkir p 000 b0eng |
| 015 |
|
|
|a SNBHFB
|
| 040 |
|
|
|a SNKHF
|b slo
|c SNKHF
|e rda
|
| 041 |
0 |
|
|a eng
|
| 044 |
|
|
|a xxk
|c GB
|
| 072 |
|
7 |
|a 821.111
|x Anglická literatúra, anglicky písaná
|2 konspekt
|
| 080 |
|
|
|a (051)-048.55
|2 2011
|
| 080 |
|
|
|a 821.111
|2 2011
|
| 245 |
0 |
0 |
|a The Rambler
|
| 264 |
|
3 |
|a [Miesto tlače nie je známe]
|b [Tlačiar nie je známy]
|c 1772
|
| 300 |
|
|
|c 18 cm
|
| 310 |
|
|
|a 3x týždenne
|
| 336 |
|
|
|a text
|b txt
|2 rdacontent
|
| 337 |
|
|
|a bez média
|b n
|2 rdamedia
|
| 338 |
|
|
|a zväzok
|b nc
|2 rdacarrierr
|
| 504 |
|
|
|a Register
|
| 561 |
|
|
|a Proveniencia: Oválna pečiatka Gróf Zay Könyvtár
|5 SNK ČD 2621/1772
|
| 588 |
|
|
|a Popis podľa: Volume The First (1772)
|
| 650 |
0 |
7 |
|a anglická literatúra
|9 1295
|
| 655 |
|
7 |
|a špecializované časopisy
|2 SNKPH
|9 70509
|
| 852 |
|
|
|a snk
|b Zaiova knižnica: Zay 15917-15918
|p ČD 2620/1772
|
| 958 |
|
|
|a DD
|
| 999 |
|
|
|c 827
|d 827
|
| 952 |
|
|
|0 0
|1 0
|4 0
|7 0
|8 5
|a SNK
|b SNK
|c SNK_HF
|d 2025-09-17
|i snk2025/14597
|l 0
|o snkČD 2621/1772/1
|p 17A1568791
|r 2026-02-21 22:34:26
|t Zay 15917
|w 2026-02-21
|y PREZ
|
| 952 |
|
|
|0 0
|1 0
|4 0
|7 0
|8 5
|a SNK
|b SNK
|c SNK_HF
|d 2025-09-17
|i snk2025/14598
|l 0
|o snkČD 2621/1772/3
|p 17A1568792
|r 2026-02-21 22:34:27
|t Zay 15918
|w 2026-02-21
|y PREZ
|